Faculty of Law Library — Cairo University

Official Online Catalog

التعليق على قانون الإجراءات الجنائية في ضوء الفقه وأحكام القضاء طبقاً لأحدث التعديلات التشريعة بالقانونين رقمي ٧٤ لسنة ٢٠٠٧ ، ١٥٣ لسنة ٢٠٠٧ وأحدث أحكام محكمة النقض المصرية. (Record no. 76634)

MARC details
000 -LEADER
fixed length control field 01718nam a2200349 i 4500
003 - CONTROL NUMBER IDENTIFIER
control field EG-GICUC
005 - DATE AND TIME OF LATEST TRANSACTION
control field 20260511225723.0
008 - FIXED-LENGTH DATA ELEMENTS--GENERAL INFORMATION
fixed length control field 260511s2011 ua |||fr|||| 00| 0 ara d
040 ## - CATALOGING SOURCE
Original cataloging agency EG-GICUC
Language of cataloging ara
Transcribing agency EG-GICUC
Modifying agency EG-GICUC
Description conventions rda
041 0# - LANGUAGE CODE
Language code of text/sound track or separate title Ara
082 04 - DEWEY DECIMAL CLASSIFICATION NUMBER
Edition number 21
Classification number 343.307062
Item number ح ا . ت
092 04 - LOCALLY ASSIGNED DEWEY CALL NUMBER (OCLC)
Edition number 21
099 ## - LOCAL FREE-TEXT CALL NUMBER (OCLC)
Classification number Law1 10 343.307062 ح ا . ت 2011
100 0# - MAIN ENTRY--PERSONAL NAME
Personal name حامد الشريف
Relator term مؤلف.
245 12 - TITLE STATEMENT
Title التعليق على قانون الإجراءات الجنائية في ضوء الفقه وأحكام القضاء طبقاً لأحدث التعديلات التشريعة بالقانونين رقمي ٧٤ لسنة ٢٠٠٧ ، ١٥٣ لسنة ٢٠٠٧ وأحدث أحكام محكمة النقض المصرية.
Number of part/section of a work الجزء الرابع /
Statement of responsibility, etc. تأليف دكتور حامد الشريف.
250 ## - EDITION STATEMENT
Remainder of edition statement طبعة مميزة
264 #1 - PRODUCTION, PUBLICATION, DISTRIBUTION, MANUFACTURE, AND COPYRIGHT NOTICE
Place of production, publication, distribution, manufacture الإسكندية :
Name of producer, publisher, distributor, manufacturer دار المكتب الدولى للإصدارات القانونية،
Date of production, publication, distribution, manufacture, or copyright notice 2011.
300 ## - PHYSICAL DESCRIPTION
Extent 710 ؛صفحة
Dimensions 24 سم.
Other physical details إيضاحيات، صور، مثيليات ؛
336 ## - CONTENT TYPE
Source rda content
Content type term text
337 ## - MEDIA TYPE
Source rda media
Media type term Computer
338 ## - CARRIER TYPE
Source rda carrier
Carrier type term Online Resource
500 ## - GENERAL NOTE
General note إهداء من حسن على
504 ## - BIBLIOGRAPHY, ETC. NOTE
Bibliography, etc. note . 240-220 ببليوجرافيا: صفحات.
505 ## - FORMATTED CONTENTS NOTE
Formatted contents note الجزء الرابع يحتوى على المواد من 402 إلى 561
546 ## - LANGUAGE NOTE
Language note النص باللغة العربية
650 1# - SUBJECT ADDED ENTRY--TOPICAL TERM
Topical term or geographic name entry element قانون الإجراءات الجنائية
General subdivision أحكام النقض
Chronological subdivision مصر
Source of heading or term qrmak
650 1# - SUBJECT ADDED ENTRY--TOPICAL TERM
Topical term or geographic name entry element القانون الجنائى
Source of heading or term qrmak
651 1# - SUBJECT ADDED ENTRY--GEOGRAPHIC NAME
Source of heading or term qrmak
856 40 - ELECTRONIC LOCATION AND ACCESS
Uniform Resource Identifier <a href="https://fll.law.cu.edu.eg/fulltext/bks/B10-12038.pdf">https://fll.law.cu.edu.eg/fulltext/bks/B10-12038.pdf</a>
905 ## - Cataloger and Reviser Names
Cataloger Name: Yasmin Sayed
942 ## - ADDED ENTRY ELEMENTS (KOHA)
Source of classification or shelving scheme Dewey Decimal Classification
Koha item type Books
Edition 21
Suppress in OPAC No
Holdings
Withdrawn status Lost status Source of classification or shelving scheme Damaged status Not for loan Collection Home library Current library Date acquired Total checkouts Full call number Barcode Date last seen Copy number Price effective from Koha item type
    Dewey Decimal Classification   Not for loan القانون الجنائي جــــامعة القــاهرة مكتبة كلية الحقوق - المبنى الرئيسي 11.05.2026   Law1 10 343.307062 ح ا . ت 2011 1012038 V4, C1 B10-12038 11.05.2026 1 11.05.2026 Books

© All rights reserved — Faculty of Law, Cairo University